000 00556nam a22001697a 4500
005 20260218142137.0
008 260218b |||||||| |||| 00| 0 eng d
020 _a9789387791411
040 _cVITAP
082 _223rd Ed.
_a294.5135 HIN
100 _aThe Hindu Group
_917059
245 _aSoul of the Kumbh : Prayagraj 2019
_c/ The Hindu Group
260 _aChennai
_bTHG (The Hindu Group) Publishing Private Limited
_c2019
300 _a104p. : ill. ; 30cm
650 0 _aKumbh Mela (Prayagraj, India) - Description and travel
_917097
942 _2ddc
_cREF
999 _c47279
_d47279